| 000 | 01748nam a2200517 i 4500 | ||
|---|---|---|---|
| 001 | 30663 | ||
| 003 | KOSZ 005 | ||
| 005 | 20201102131331.0 | ||
| 008 | 980702s1995 pl a f |000 0 pol | ||
| 015 | _aUWD 1996/8860 | ||
| 020 | _a8386676426 | ||
| 035 | _a991004159669705066 | ||
| 035 | _a(PL-WaBN)b11103619-48omnis_nlop | ||
| 035 | _ab11103619 | ||
| 035 | _a(OCoLC)749763988 | ||
| 035 | _a(PL)b0000001110361 | ||
| 035 | _a(EXLNZ-48OMNIS_NETWORK)9910484060105606 | ||
| 040 |
_aWA N _cWA N _dKOSZ 005/EG |
||
| 041 | _apol | ||
| 046 | _k1992 | ||
| 080 | _a556.3 | ||
| 080 | _a504.5 | ||
| 080 | _a(438) | ||
| 245 | 0 | 0 |
_aWskazówki metodyczne dotyczące tworzenia regionalnych i lokalnych monitoringów wód podziemnych / _c[oprac. Hanna Stankiewicz-Dubois] ; Państwowa Inspekcja Ochrony Środowiska. |
| 250 | _a[Wyd. 2 zm.]. | ||
| 260 |
_aWarszawa : _bPIOŚ, _c1995. |
||
| 300 |
_a19, [23] s. : _b1 mapa ; _c24 cm. |
||
| 336 |
_aTekst _btxt _2rdacontent |
||
| 337 |
_aBez urządzenia pośredniczącego _bn _2rdamedia |
||
| 338 |
_aWolumin _bnc _2rdacarrier |
||
| 380 | _aKsiążki | ||
| 388 | _a1901-2000 | ||
| 388 | _a1989-2000 | ||
| 490 | 1 | _aBiblioteka Monitoringu Środowiska | |
| 504 | _aBibliogr. s. 19. | ||
| 650 | 7 |
_aWody podziemne _2DBN |
|
| 650 | 7 |
_aDegradacja środowiska _2DBN |
|
| 651 | 7 | _aPolska | |
| 658 | _aOchrona środowiska | ||
| 700 | 1 |
_aStankiewicz Dubois, Hanna _eOpracowanie |
|
| 710 | 2 |
_aPaństwowa Inspekcja Ochrony Środowiska _4pbl |
|
| 830 | 0 | _aBiblioteka Monitoringu Środowiska | |
| 856 |
_uhttp://koha.tu.koszalin.pl/cgi-bin/koha/opac-detail.pl?biblionumber=30663 _yKatalog online BPK |
||
| 942 |
_2UKD _cKS |
||
| 999 |
_c30663 _d30663 |
||